000
00295nam a2200097Ia 4500
008
241105s9999 xx 000 0 und d
041
_a
eng
100
_a
Rasane Madhura.
_9
183774
245
_a
Factors Affecting The Microclimate In The City Core Area Of Pune.
260
_b
BNCA M Arch EA, Pune
_c
2019
999
_c
361789
_d
361789